Systems of conservation laws 1 : (Record no. 28885)

000 -LEADER
fixed length control field 00607 a2200169 4500
020 ## - INTERNATIONAL STANDARD BOOK NUMBER
International Standard Book Number 0521582334
020 ## - INTERNATIONAL STANDARD BOOK NUMBER
International Standard Book Number 9780521582339
082 04 - DEWEY DECIMAL CLASSIFICATION NUMBER
Classification number 515.353
090 ## - LOCALLY ASSIGNED LC-TYPE CALL NUMBER (OCLC); LOCAL CALL NUMBER (RLIN)
-- 250
-- 250
100 1# - MAIN ENTRY--PERSONAL NAME
Personal name Serre, Denis.
245 10 - TITLE STATEMENT
Title Systems of conservation laws 1 :
Remainder of title Hyperbolicity, Enttropies, Shock Waves /
Statement of responsibility, etc. Denis Serre, I. N. Sneddon.
260 ## - PUBLICATION, DISTRIBUTION, ETC.
Place of publication, distribution, etc. [S.l.] :
Name of publisher, distributor, etc. Cambridge University Press,
Date of publication, distribution, etc. 1999.
300 ## - PHYSICAL DESCRIPTION
Extent 263 p. ;
Dimensions 25 cm.
700 1# - ADDED ENTRY--PERSONAL NAME
Personal name Sneddon, I. N.
942 ## - ADDED ENTRY ELEMENTS (KOHA)
Institution code [OBSOLETE] SNS
Koha item type Book
Call number prefix 515.353 SER
Holdings
Withdrawn status Lost status Damaged status Not for loan Permanent Location Current Location Date acquired Total Checkouts Full call number Barcode Date last seen Price effective from Koha item type
        School of Natural Sciences (SNS) School of Natural Sciences (SNS) 05/26/2016   515.353 SER SNS0000157 05/26/2016 05/26/2016 Book
© 2023 Central Library, National University of Sciences and Technology. All Rights Reserved.